01151 a2200229 45000010006000000050017000060080041000230030015000640400040000790800149001192450049002680200022003172640048003393000019003875050308004060410008007141000031007227000021007537000023007747000025007978560099008226067720260407155858.0260407a1999 arg spa dAR-UNSa-BCEJYS aAR-UNSa-BCEJYSbspacAR-UNSa-BCEJYS a340.12xTendencias en la teoría del derecho. Escuelas, doctrinas jurídicas. Filosofía del derecho. Teorías sobre el Estado y el derecho 10aManual de teoría del estado y del gobierno a978-950-577-184-4 1aBuenos Aires :bEditorial de Belgranoc1999 a307 p.c23 cm. a1. La teoría del estado. Objeto y método - 2. El estado – 3. La obligación política – 4. Democracia y estado – 5. Estado y gobierno – 6. Teoría de la constitución y del derecho constitucional – 7. Economía y estado – 8. El nuevo estado – 9. El estado en las ideas políticas aspa1 aDalla Via, Alberto Ricardo1 aGraña, Eduardo1 aSisinni, Nicolás1 aBasterra, Marcela I.41uhttps://www.biblioeco.unsa.edu.ar/pmb/images/libros/L129301.jpgyImagen de portadaqimage/jpeg